Het effect van 10 DPM penicilline-streptomycine op de mestresultaten bij varkens van 20 - 90 kg. (Record no. 91453)

MARC details
000 -LEADER
fixed length control field 00517cam a2200169u 4500
001 - CONTROL NUMBER
control field unk83048141
003 - CONTROL NUMBER IDENTIFIER
control field DLC
005 - DATE AND TIME OF LATEST TRANSACTION
control field 20260227112800.0
008 - FIXED-LENGTH DATA ELEMENTS--GENERAL INFORMATION
fixed length control field 830823s1966 xx a 000 0 dut
010 ## - LIBRARY OF CONGRESS CONTROL NUMBER
LC control number unk83048141
040 ## - CATALOGING SOURCE
Original cataloging agency DLC
Transcribing agency CarP
Modifying agency DLC
050 00 - LIBRARY OF CONGRESS CALL NUMBER
Classification number S239.S2
Item number W3 deel 66-12
100 1# - MAIN ENTRY--PERSONAL NAME
Personal name Wal, P. van der.
245 14 - TITLE STATEMENT
Title Het effect van 10 DPM penicilline-streptomycine op de mestresultaten bij varkens van 20 - 90 kg.
260 ## - PUBLICATION, DISTRIBUTION, ETC.
Place of publication, distribution, etc. Wageningen,
Name of publisher, distributor, etc. Landbouwhogeschool,
Date of publication, distribution, etc. 1966.
300 ## - PHYSICAL DESCRIPTION
Extent 40 p.
Other physical details illus.
Dimensions 25 cm.

No items available.

Powered by Koha